00471nam a2200157Ia 450000500170000000800410001708200130005810000130007124500280008426000390011230000120015150000340016394200060019795200950020399900150029820250612031907.0240331s9999 xx 000 0 und d bGREa321 aGreen, F 0aAdirajyavadeye arambaya aSri LanakabJana publicationc1984 a64 p ., a The beginning of imperialism cL 001040708LaWERCLbWERCLcSSCd2024-03-31l0o 321 GREp3355r2024-03-31w2024-03-31yL c2341d2341